MARC

LEADER 00000nam0a2200000 4500
001 140108
005 20231031141949.0
010 |a 9780521844208 
035 |a (RuTPU)RU\TPU\book\151779 
090 |a 140108 
100 |a 20080620d2007 k y0engy50 ba 
101 0 |a eng 
102 |a US 
105 |a a z 001zy 
200 1 |a Electromagnetic Interactions and Hadronic Structure  |f edited by F. Close, S. Donnachie, G. Shaw 
210 |a New York  |c Cambridge University Press  |d 2007 
215 |a 499 p.  |c il. 
320 |a Библиография в конце глав. 
320 |a Index: p. 495-499. 
610 1 |a электродинамика 
610 1 |a электромагнетизм 
610 1 |a электромагнитные взаимодействия 
610 1 |a ядерная физика 
610 1 |a ядерные взаимодействия 
610 1 |a ядерные структуры 
610 1 |a английский язык 
675 |a 537.81  |v 3 
675 |a 539.1  |v 3 
702 1 |a Close  |b F.  |g Frank  |4 340 
702 1 |a Donnachie  |b S.  |g Sandy  |4 340 
702 1 |a Shaw  |b G.  |g Graham  |4 340 
801 1 |a RU  |b 63413507  |c 20080620  |g PSBO 
801 2 |a RU  |b 63413507  |c 20080702  |g PSBO 
942 |c BK